[Event "Aut_chT1112"]
[Site "Jenbach"]
[Date "2012.01.20"]
[Round "1"]
[Board "5"]
[White "Pisk, Petr"]
[Black "Baldauf, Marco"]
[Result "1/2-1/2"]
[WhiteElo "2385"]
[BlackElo "2374"]
[PlyCount "105"]
[EventDate "2012.01.20"]
[EventType "team"]
[EventRounds "11"]
[EventCountry "AUT"]
[WhiteTeam "SK Zwettl"]
[BlackTeam "SK Hohenems"]

1. d4 e6 2. Nf3 c5 3. e4 cxd4 4. c3 d3 5. Bxd3 d6 6. O-O Qc7 7. Bf4 Nd7 8. Nbd2
Ne7 9. Nc4 Ng6 10. Bg3 Be7 11. Be2 Nde5 12. Ne3 Nxf3+ 13. Bxf3 O-O 14. Qb3 Rb8
15. Rfd1 Ne5 16. Be2 b5 17. Rac1 Qc5 18. Qb4 Qc7 19. Qb3 Rb6 20. f4 Nd7 21. Qc2
Bb7 22. Bf2 Nc5 23. Bf3 Rc8 24. Re1 a5 25. Qb1 Qb8 26. b4 axb4 27. cxb4 Nd7 28.
Rxc8+ Qxc8 29. Rc1 Rc6 30. Rxc6 Bxc6 31. h3 Qa8 32. Nd1 Bd8 33. Qd3 Bc7 34. Nc3
Qa3 35. Be2 Qxb4 36. Nxb5 Bxe4 37. Qd1 Bb8 38. a3 Qb2 39. Nxd6 Bd5 40. Nc4 Qa2
41. Ne3 Bxf4 42. Nxd5 exd5 43. Qa4 Qxe2 44. Qxf4 h6 45. a4 Nf6 46. a5 Ne4 47.
Bb6 d4 48. Bxd4 Qd1+ 49. Kh2 Qxd4 50. a6 Qa7 51. Qxe4 Qxa6 52. Qe8+ Kh7 53.
Qxf7 1/2-1/2

[Event "Aut_chT1112"]
[Site "Jenbach"]
[Date "2012.01.20"]
[Round "1"]
[Board "6"]
[White "Gaertner, Guntram"]
[Black "Wagner, Stefan"]
[Result "1-0"]
[WhiteElo "2324"]
[BlackElo "2156"]
[PlyCount "113"]
[EventDate "2012.01.20"]
[EventType "team"]
[EventRounds "11"]
[EventCountry "AUT"]
[WhiteTeam "SK Hohenems"]
[BlackTeam "SK Zwettl"]

1. d4 Nf6 2. c4 e6 3. Nc3 d5 4. cxd5 exd5 5. Bg5 Be7 6. e3 c6 7. Qc2 Nbd7 8.
Bd3 O-O 9. Nf3 Re8 10. O-O Nf8 11. Rab1 a5 12. a3 Ne4 13. Bxe7 Qxe7 14. Bxe4
dxe4 15. Nd2 f5 16. b4 Be6 17. bxa5 Rxa5 18. a4 Rd8 19. Nb3 Ra7 20. Nc5 Bf7 21.
Qb2 Nd7 22. Nxd7 Rxd7 23. Qb4 Qd8 24. Rfc1 Re7 25. Qb6 Ra8 26. Qxd8+ Rxd8 27.
h3 Bc4 28. Rb6 Bd3 29. Nd1 f4 30. Nb2 fxe3 31. fxe3 Rf8 32. Rb3 Be2 33. Nc4
Bxc4 34. Rxc4 Ra8 35. Rb6 Kf7 36. Rcb4 Ra7 37. a5 Rxa5 38. Rxb7 Ra7 39. Rxa7
Rxa7 40. Rc4 Ra6 41. Rc5 Ra3 42. Kf2 Ra2+ 43. Kg3 Re2 44. Kf4 Rxg2 45. Rxc6 Rh2
46. Kf5 g6+ 47. Ke5 Rxh3 48. Rc7+ Ke8 49. d5 g5 50. Rg7 g4 51. Rxg4 Rxe3 52.
Ke6 Rf3 53. d6 Rf8 54. Rg7 Kd8 55. Ra7 Re8+ 56. Kd5 h5 57. Kc6 1-0

[Event "Aut_chT1112"]
[Site "Jenbach"]
[Date "2012.01.20"]
[Round "1"]
[Board "1"]
[White "Huschenbeth, Niclas"]
[Black "Prohaszka, Peter"]
[Result "1/2-1/2"]
[WhiteElo "2510"]
[BlackElo "2553"]
[PlyCount "79"]
[EventDate "2012.01.20"]
[EventType "team"]
[EventRounds "11"]
[EventCountry "AUT"]
[WhiteTeam "SIR Bernhard Glatz"]
[BlackTeam "ASVOE Signum Druck St. Veit/Glan"]

1. e4 c6 2. d4 d5 3. e5 Bf5 4. Nf3 e6 5. Be2 Ne7 6. O-O c5 7. dxc5 Nec6 8. Be3
Nd7 9. c4 dxc4 10. Na3 Bxc5 11. Nxc4 O-O 12. Bxc5 Nxc5 13. Qc1 Nd3 14. Qe3 Qd5
15. Nd6 Ndxe5 16. Rfd1 Nxf3+ 17. Bxf3 Qe5 18. Nxb7 Qxe3 19. fxe3 Ne5 20. Rac1
Rab8 21. Rc7 Nxf3+ 22. gxf3 e5 23. b3 Rbc8 24. Rdc1 Rxc7 25. Rxc7 Rc8 26. Re7
Be6 27. Nd6 Rc1+ 28. Kf2 Rc2+ 29. Kg3 g5 30. Rxa7 f5 31. f4 Rc3 32. Kf2 Rc2+
33. Kg3 Rc3 34. Kf2 Rc2+ 35. Ke1 exf4 36. exf4 gxf4 37. Re7 Bd5 38. Re5 Be4 39.
Nxf5 Bxf5 40. Rxf5 1/2-1/2

[Event "Aut_chT1112"]
[Site "Jenbach"]
[Date "2012.01.20"]
[Round "1"]
[Board "2"]
[White "Rogic, Davor"]
[Black "Prusikin, Michael"]
[Result "1/2-1/2"]
[WhiteElo "2571"]
[BlackElo "2545"]
[PlyCount "64"]
[EventDate "2012.01.20"]
[EventType "team"]
[EventRounds "11"]
[EventCountry "AUT"]
[WhiteTeam "ASVOE Signum Druck St. Veit/Glan"]
[BlackTeam "SIR Bernhard Glatz"]

1. e4 e6 2. d4 d5 3. Nd2 c5 4. exd5 Qxd5 5. dxc5 Nf6 6. Ngf3 Bxc5 7. Bc4 Qd8 8.
O-O O-O 9. Nb3 Qxd1 10. Rxd1 Be7 11. Nbd4 Nbd7 12. Bf4 Nb6 13. Bb3 Bd7 14. a4
Nbd5 15. Bg3 Rfd8 16. Ne5 Be8 17. c4 Nb4 18. Nb5 Ne4 19. Nc7 Nc5 20. Nxa8 Rxa8
21. Ba2 f6 22. Nf3 Bxa4 23. Bd6 Rd8 24. Bxe7 Rxd1+ 25. Rxd1 Bxd1 26. Bxc5 Nxa2
27. Bxa7 Nb4 28. Nd2 e5 29. Ne4 Nd3 30. Nd6 Nxb2 31. c5 Ba4 32. Nxb7 Nd3
1/2-1/2

[Event "Aut_chT1112"]
[Site "Jenbach"]
[Date "2012.01.20"]
[Round "1"]
[Board "4"]
[White "Hoelzl, Franz"]
[Black "Drabke, Lorenz"]
[Result "0-1"]
[WhiteElo "2336"]
[BlackElo "2439"]
[PlyCount "48"]
[EventDate "2012.01.20"]
[EventType "team"]
[EventRounds "11"]
[EventCountry "AUT"]
[WhiteTeam "ASVOE Signum Druck St. Veit/Glan"]
[BlackTeam "SIR Bernhard Glatz"]

1. c4 Nf6 2. Nc3 c5 3. Nf3 Nc6 4. d3 d5 5. cxd5 Nxd5 6. e4 Nc7 7. Be3 e5 8. a3
Be7 9. Rc1 b6 10. Ne2 Qd6 11. Ng3 g6 12. Be2 O-O 13. O-O Ne6 14. h3 Nf4 15. Qc2
Ba6 16. Rfd1 Rfd8 17. Bf1 Qf6 18. b4 Nxh3+ 19. gxh3 Qxf3 20. bxc5 Nd4 21. Bxd4
Rxd4 22. cxb6 axb6 23. Qc7 Bc5 24. Qxe5 Rd5 0-1

[Event "Aut_chT1112"]
[Site "Jenbach"]
[Date "2012.01.20"]
[Round "1"]
[Board "5"]
[White "Geske, Julian"]
[Black "Mazi, Leon"]
[Result "1-0"]
[WhiteElo "2383"]
[BlackElo "2370"]
[PlyCount "81"]
[EventDate "2012.01.20"]
[EventType "team"]
[EventRounds "11"]
[EventCountry "AUT"]
[WhiteTeam "SIR Bernhard Glatz"]
[BlackTeam "ASVOE Signum Druck St. Veit/Glan"]

1. e4 c5 2. Nf3 d6 3. d4 cxd4 4. Nxd4 Nf6 5. Nc3 a6 6. Bg5 e6 7. f4 b5 8. e5
dxe5 9. fxe5 Qc7 10. exf6 Qe5+ 11. Be2 Qxg5 12. O-O Ra7 13. Qd3 Rd7 14. Ne4 Qe5
15. Nf3 Qc7 16. Qe3 Bb7 17. c4 b4 18. Kh1 Bxe4 19. fxg7 Bxg7 20. Qxe4 Bxb2 21.
Rab1 Bc3 22. Ng5 h5 23. Bd1 Qa5 24. Nxf7 Rxf7 25. Qxe6+ Re7 26. Qc8+ Qd8 27.
Bxh5+ Rxh5 28. Rf8+ Kxf8 29. Qxd8+ Kf7 30. Rf1+ Bf6 31. Qxb8 Rf5 32. Rd1 a5 33.
h3 Rf2 34. Qd6 Rxa2 35. Rf1 Re6 36. Qd7+ Re7 37. Qf5 Re6 38. g4 b3 39. g5 b2
40. gxf6 Ra1 41. Qh7+ 1-0

[Event "Aut_chT1112"]
[Site "Jenbach"]
[Date "2012.01.20"]
[Round "1"]
[Board "6"]
[White "Hebesberger, Thomas"]
[Black "Pitl, Gregory"]
[Result "1-0"]
[WhiteElo "2329"]
[BlackElo "2388"]
[PlyCount "165"]
[EventDate "2012.01.20"]
[EventType "team"]
[EventRounds "11"]
[EventCountry "AUT"]
[WhiteTeam "ASVOE Signum Druck St. Veit/Glan"]
[BlackTeam "SIR Bernhard Glatz"]

1. d4 d5 2. Nf3 Nf6 3. Bf4 c5 4. c3 Nc6 5. e3 Qb6 6. Qb3 c4 7. Qc2 Bf5 8. Qc1
h6 9. Nbd2 e6 10. b3 cxb3 11. axb3 Be7 12. Be2 O-O 13. O-O Rfc8 14. Qb2 Qd8 15.
h3 Bf8 16. Rfc1 Bh7 17. Ne5 Nxe5 18. Bxe5 Nd7 19. Bg3 Qf6 20. c4 Bf5 21. Bf3
Nc5 22. cxd5 Nd3 23. Rxc8 Rxc8 24. Qa2 exd5 25. Qxa7 Bb4 26. Nf1 Qc6 27. Bg4
Bxg4 28. hxg4 Be1 29. Qa2 Nc1 30. Qb1 Qc3 31. Kh2 b5 32. Qf5 g6 33. Qf6 Qc6 34.
Qxc6 Rxc6 35. Ra8+ Kg7 36. b4 Bxb4 37. Rb8 Nd3 38. Rxb5 Rc1 39. Kg1 Rd1 40.
Rxd5 Be1 41. Rb5 f6 42. Rb7+ Kg8 43. Rc7 Nc1 44. Rc2 Kf7 45. d5 Bb4 46. Rc7+
Ke8 47. Rb7 Ba3 48. Ra7 Bb4 49. Ra4 Bc3 50. f3 Rxd5 51. Rc4 Rd1 52. Bf4 g5 53.
Bc7 Bd2 54. Bb6 Be1 55. Rc2 Bc3 56. Kh2 Be5+ 57. Kg1 Bc3 58. e4 Be5 59. Rd2
Rxd2 60. Nxd2 Nd3 61. Nc4 Kf7 62. Kf1 Kg6 63. Be3 Bg3 64. Ke2 Nf4+ 65. Bxf4
Bxf4 66. Ne3 Be5 67. Kd3 Bf4 68. Kd4 Be5+ 69. Kd5 Bc3 70. Ke6 Bd4 71. Nf5 Be5
72. Ne7+ Kg7 73. Nd5 Kg6 74. Ke7 Kg7 75. Ne3 Kg6 76. Kf8 Bd6+ 77. Kg8 Bc5 78.
Nf5 Bb4 79. Ng7 Bc3 80. Ne6 h5 81. Nf8+ Kh6 82. Kf7 h4 83. Nd7 1-0

[Event "Aut_chT1112"]
[Site "Jenbach"]
[Date "2012.01.21"]
[Round "2"]
[Board "2"]
[White "Rogic, Davor"]
[Black "Hera, Imre"]
[Result "1-0"]
[WhiteElo "2571"]
[BlackElo "2555"]
[PlyCount "79"]
[EventDate "2012.01.20"]
[EventType "team"]
[EventRounds "11"]
[EventCountry "AUT"]
[WhiteTeam "ASVOE Signum Druck St. Veit/Glan"]
[BlackTeam "SK Sparkasse Fuerstenfeld"]

1. e4 c6 2. d4 d5 3. e5 Bf5 4. Nf3 e6 5. Be2 Nd7 6. O-O Bg6 7. Bf4 Ne7 8. Nbd2
Nf5 9. c3 Be7 10. b4 a5 11. b5 O-O 12. c4 c5 13. cxd5 exd5 14. dxc5 Nxc5 15. g4
Nh4 16. Nd4 Ne4 17. Qb3 Qb6 18. Qe3 Nxd2 19. Qxd2 f6 20. Be3 Bc5 21. exf6 Qxf6
22. Rad1 Rae8 23. Nf5 Bxe3 24. Nxe3 Be4 25. f4 Qd6 26. Nc2 Bxc2 27. Qxc2 Rxf4
28. Rxf4 Qxf4 29. Qd3 d4 30. Qc4+ Kh8 31. Qxd4 Qxd4+ 32. Rxd4 g5 33. Kf2 Rf8+
34. Kg3 Re8 35. Bd3 Re3+ 36. Kf2 Rh3 37. Rd7 Rxh2+ 38. Ke3 Ng2+ 39. Kd4 Nf4 40.
Bf5 1-0

[Event "Aut_chT1112"]
[Site "Jenbach"]
[Date "2012.01.21"]
[Round "2"]
[Board "4"]
[White "Hoelzl, Franz"]
[Black "Schenk, Andreas"]
[Result "1/2-1/2"]
[WhiteElo "2336"]
[BlackElo "2499"]
[PlyCount "65"]
[EventDate "2012.01.20"]
[EventType "team"]
[EventRounds "11"]
[EventCountry "AUT"]
[WhiteTeam "ASVOE Signum Druck St. Veit/Glan"]
[BlackTeam "SK Sparkasse Fuerstenfeld"]

1. d4 Nf6 2. c4 e6 3. Nf3 d5 4. e3 a6 5. Qc2 Nbd7 6. c5 c6 7. Nbd2 a5 8. Bd3 b6
9. cxb6 c5 10. O-O Qxb6 11. e4 cxd4 12. e5 Ng4 13. Re1 Bb7 14. h3 Nh6 15. Nb3
Bb4 16. Bxh6 gxh6 17. Rec1 O-O 18. Qc7 Rfd8 19. Qxb6 Nxb6 20. Rc7 Rdb8 21.
Nbxd4 Na4 22. Rac1 Rc8 23. Bb5 Nxb2 24. Nh2 Bd2 25. R1c2 Rxc7 26. Rxc7 Ba6 27.
Bxa6 Rxa6 28. Ng4 Kg7 29. Nf3 Bg5 30. h4 Bd8 31. Rc8 Be7 32. Rc7 Bd8 33. Rc8
1/2-1/2

[Event "Aut_chT1112"]
[Site "Jenbach"]
[Date "2012.01.21"]
[Round "2"]
[Board "5"]
[White "Poetz, Florian"]
[Black "Mazi, Leon"]
[Result "1-0"]
[WhiteElo "2419"]
[BlackElo "2370"]
[PlyCount "79"]
[EventDate "2012.01.20"]
[EventType "team"]
[EventRounds "11"]
[EventCountry "AUT"]
[WhiteTeam "SK Sparkasse Fuerstenfeld"]
[BlackTeam "ASVOE Signum Druck St. Veit/Glan"]

1. e4 c5 2. Nf3 d6 3. d4 cxd4 4. Nxd4 Nf6 5. Nc3 a6 6. Be3 e6 7. Be2 Qc7 8. g4
b5 9. g5 Nfd7 10. a3 Nb6 11. Qd2 Bd7 12. f4 Nc4 13. Bxc4 Qxc4 14. f5 Nc6 15.
fxe6 fxe6 16. Nxc6 Qxc6 17. O-O Qb7 18. Qe2 Be7 19. Qh5+ g6 20. Qg4 e5 21. Qg2
Be6 22. Rad1 O-O-O 23. Nd5 Rdf8 24. b3 Rxf1+ 25. Qxf1 Rf8 26. Qe2 Bd8 27. c4
Qd7 28. cxb5 Bg4 29. Rc1+ Kb8 30. Qc2 Bf3 31. Nf6 Bxf6 32. gxf6 Rxf6 33. Bf2
axb5 34. Qd3 Rf8 35. Qe3 Qb7 36. a4 Bxe4 37. axb5 d5 38. Qc5 Rf6 39. Bg3 Rf5
40. Qd6+ 1-0

[Event "Aut_chT1112"]
[Site "Jenbach"]
[Date "2012.01.21"]
[Round "2"]
[Board "6"]
[White "Hebesberger, Thomas"]
[Black "Radnetter, Georg"]
[Result "1-0"]
[WhiteElo "2329"]
[BlackElo "2269"]
[PlyCount "89"]
[EventDate "2012.01.20"]
[EventType "team"]
[EventRounds "11"]
[EventCountry "AUT"]
[WhiteTeam "ASVOE Signum Druck St. Veit/Glan"]
[BlackTeam "SK Sparkasse Fuerstenfeld"]

1. Nf3 Nf6 2. d4 e6 3. e3 b6 4. b3 Bb7 5. Bb2 c5 6. Bd3 Be7 7. O-O O-O 8. Nbd2
d6 9. Qe2 Nbd7 10. c4 Qc7 11. Rac1 Rfe8 12. Rfd1 Rad8 13. Nf1 Be4 14. Bxe4 Nxe4
15. Ng3 Nxg3 16. hxg3 Bf6 17. Ba3 g6 18. d5 e5 19. e4 Bg7 20. g4 Nf6 21. Nh2 h5
22. Rc3 Nxg4 23. Nxg4 hxg4 24. Qxg4 Bh6 25. Rh3 Kg7 26. g3 Qd7 27. Qxd7 Rxd7
28. Kg2 Rh8 29. Rdh1 Rdd8 30. f4 f6 31. Bb2 a5 32. Bc1 g5 33. Kf3 exf4 34. gxf4
Kg6 35. fxg5 fxg5 36. Kg4 Rde8 37. Bxg5 Bxg5 38. Rxh8 Rxe4+ 39. Kf3 Re3+ 40.
Kf2 Rc3 41. Rg1 Rc2+ 42. Kf3 Kf5 43. Rh5 Rc3+ 44. Ke2 Rc2+ 45. Kd3 1-0

[Event "Aut_chT1112"]
[Site "Jenbach"]
[Date "2012.01.21"]
[Round "2"]
[Board "1"]
[White "Baramidze, David"]
[Black "Huschenbeth, Niclas"]
[Result "1-0"]
[WhiteElo "2612"]
[BlackElo "2510"]
[PlyCount "59"]
[EventDate "2012.01.20"]
[EventType "team"]
[EventRounds "11"]
[EventCountry "AUT"]
[WhiteTeam "SK Hohenems"]
[BlackTeam "SIR Bernhard Glatz"]

1. Nf3 Nf6 2. c4 e6 3. Nc3 Bb4 4. Qc2 O-O 5. a3 Bxc3 6. Qxc3 d6 7. g3 e5 8. Bg2
e4 9. Nd4 c5 10. Nc2 Bf5 11. d4 exd3 12. Ne3 Qe7 13. exd3 Nc6 14. O-O Bg6 15.
b4 Rfe8 16. Bb2 Nd4 17. Rae1 Qd7 18. Qd2 Rac8 19. f4 b6 20. b5 Re7 21. f5 Bh5
22. h3 Rxe3 23. Qxe3 Re8 24. Qd2 Ne2+ 25. Kh2 d5 26. Bxf6 gxf6 27. g4 Qd6+ 28.
Kh1 Ng3+ 29. Kg1 Rd8 30. Qf4 1-0

[Event "Aut_chT1112"]
[Site "Jenbach"]
[Date "2012.01.21"]
[Round "2"]
[Board "2"]
[White "Prusikin, Michael"]
[Black "Bezold, Michael"]
[Result "1/2-1/2"]
[WhiteElo "2545"]
[BlackElo "2523"]
[PlyCount "45"]
[EventDate "2012.01.20"]
[EventType "team"]
[EventRounds "11"]
[EventCountry "AUT"]
[WhiteTeam "SIR Bernhard Glatz"]
[BlackTeam "SK Hohenems"]

1. d4 g6 2. e4 Bg7 3. Nf3 d6 4. c3 Nf6 5. Bd3 O-O 6. O-O Nbd7 7. Re1 e5 8. Na3
b6 9. Bg5 Bb7 10. Qd2 Qe7 11. d5 c6 12. dxc6 Bxc6 13. Bb5 Rfc8 14. Rad1 Bf8 15.
Bxc6 Rxc6 16. Nc2 Qe6 17. Nb4 Rc4 18. Bxf6 Nxf6 19. Qd3 Rc5 20. Qa6 Ra5 21. Qd3
Rc5 22. Qa6 Ra5 23. Qd3 1/2-1/2

[Event "Aut_chT1112"]
[Site "Jenbach"]
[Date "2012.01.21"]
[Round "2"]
[Board "3"]
[White "Atlas, Valery"]
[Black "Bromberger, Stefan"]
[Result "1/2-1/2"]
[WhiteElo "2413"]
[BlackElo "2513"]
[PlyCount "155"]
[EventDate "2012.01.20"]
[EventType "team"]
[EventRounds "11"]
[EventCountry "AUT"]
[WhiteTeam "SK Hohenems"]
[BlackTeam "SIR Bernhard Glatz"]

1. e4 c5 2. Nf3 d6 3. d4 cxd4 4. Nxd4 Nf6 5. Nc3 a6 6. g3 e5 7. Nb3 Nbd7 8. Bg2
b5 9. O-O Bb7 10. a4 b4 11. Nd5 Nxd5 12. exd5 Nf6 13. a5 Qd7 14. Bg5 Be7 15.
Qd2 Qb5 16. Rfd1 Bc8 17. Re1 Rb8 18. f4 h6 19. fxe5 dxe5 20. Rxe5 hxg5 21. Rae1
O-O 22. d6 Bd8 23. Rxb5 Rxb5 24. Bc6 Rf5 25. Qxb4 Be6 26. c4 Ng4 27. Be4 Re5
28. Bd5 Ne3 29. Bxe6 Nc2 30. Rxe5 Nxb4 31. Bd5 Bf6 32. Rf5 Bxb2 33. d7 Bf6 34.
c5 Bd8 35. Bg2 Bc7 36. Rxg5 Rb8 37. Nd4 Bxa5 38. Nc6 Nxc6 39. Bxc6 Bc7 40. Rd5
Kf8 41. Rd4 f6 42. Kg2 Ke7 43. Re4+ Be5 44. Ra4 Rb2+ 45. Kh3 f5 46. Rxa6 g5 47.
Ra8 Rb8 48. Ra2 Rb2 49. Rxb2 Bxb2 50. Bb5 Be5 51. c6 f4 52. gxf4 Bxf4 53. Kg2
Bc7 54. h3 Kd6 55. Kf3 Kc5 56. Ba4 Kb4 57. Bc2 Kc5 58. Be4 Kd4 59. Bf5 Kd5 60.
Be4+ Kd4 61. Bf5 Kd5 62. Kg4 Bd8 63. c7 Bxc7 64. Kxg5 Ke5 65. h4 Bd8+ 66. Kg4
Kf6 67. h5 Kg7 68. Kf4 Bc7+ 69. Ke4 Bd8 70. Kd5 Bh4 71. Ke6 Bd8 72. Bg6 Bh4 73.
Kd6 Bg3+ 74. Ke7 Bh4+ 75. Ke8 Bg5 76. Bc2 Bh4 77. Be4 Bg5 78. d8=Q 1/2-1/2

[Event "Aut_chT1112"]
[Site "Jenbach"]
[Date "2012.01.21"]
[Round "2"]
[Board "4"]
[White "Drabke, Lorenz"]
[Black "Froewis, Georg"]
[Result "0-1"]
[WhiteElo "2439"]
[BlackElo "2407"]
[PlyCount "116"]
[EventDate "2012.01.20"]
[EventType "team"]
[EventRounds "11"]
[EventCountry "AUT"]
[WhiteTeam "SIR Bernhard Glatz"]
[BlackTeam "SK Hohenems"]

1. e4 e6 2. d3 d5 3. Nd2 c5 4. Ngf3 Nc6 5. g3 Bd6 6. Bg2 Nge7 7. O-O O-O 8. Nh4
Bd7 9. f4 f5 10. c3 Be8 11. Kh1 Kh8 12. Nb3 b6 13. Be3 Rc8 14. Bg1 Bb8 15. exf5
exf5 16. d4 c4 17. Nd2 Ng8 18. Qc2 Nce7 19. Rae1 Nf6 20. Nhf3 Ne4 21. Ne5 Bf7
22. Be3 Be6 23. Qa4 Qe8 24. Qxe8 Rfxe8 25. Bh3 g6 26. Bg2 Kg7 27. Bf3 Ng8 28.
Bd1 Ngf6 29. Ba4 Rh8 30. Ndf3 a6 31. Kg2 Bd6 32. Bc2 b5 33. Ng5 Rhe8 34. Nxe6+
Rxe6 35. Bc1 a5 36. h3 h5 37. Kf3 Rh8 38. Rg1 Ree8 39. Nc6 Rc8 40. Na7 Rb8 41.
Nc6 Ra8 42. Re3 Raf8 43. Re2 h4 44. g4 fxg4+ 45. hxg4 Ng5+ 46. Kg2 Nfe4 47. Ne5
Bxe5 48. dxe5 h3+ 49. Kh1 Nf3 50. Rxe4 dxe4 51. Rd1 Rd8 52. Rf1 Rhf8 53. e6 Rd3
54. Bxd3 cxd3 55. Be3 Kf6 56. e7 Kxe7 57. Bc5+ Kf7 58. Bxf8 Kxf8 0-1

[Event "Aut_chT1112"]
[Site "Jenbach"]
[Date "2012.01.21"]
[Round "2"]
[Board "5"]
[White "Novkovic, Milan"]
[Black "Geske, Julian"]
[Result "1/2-1/2"]
[WhiteElo "2381"]
[BlackElo "2383"]
[PlyCount "64"]
[EventDate "2012.01.20"]
[EventType "team"]
[EventRounds "11"]
[EventCountry "AUT"]
[WhiteTeam "SK Hohenems"]
[BlackTeam "SIR Bernhard Glatz"]

1. d4 d5 2. c4 c6 3. Nf3 dxc4 4. e3 b5 5. a4 e6 6. axb5 cxb5 7. b3 Bb4+ 8. Bd2
Bxd2+ 9. Nfxd2 Ne7 10. Na3 O-O 11. Nxb5 cxb3 12. Nxb3 Bb7 13. Nc5 Bd5 14. Nc3
Bc6 15. e4 Nd7 16. Ba6 Qb6 17. Nxd7 Bxd7 18. O-O Rfd8 19. Qd3 Nc6 20. Rfd1 Nb4
21. Qc4 Nxa6 22. Qxa6 Qb3 23. Qa3 Rab8 24. d5 exd5 25. Nxd5 Qxa3 26. Rxa3 Be6
27. Ra5 Rd7 28. h3 Kf8 29. Rc1 Bxd5 30. exd5 a6 31. Rc6 Rb5 32. Rcxa6 Rbxd5
1/2-1/2

[Event "Aut_chT1112"]
[Site "Jenbach"]
[Date "2012.01.21"]
[Round "2"]
[Board "6"]
[White "Pitl, Gregory"]
[Black "Baldauf, Marco"]
[Result "1-0"]
[WhiteElo "2388"]
[BlackElo "2374"]
[PlyCount "45"]
[EventDate "2012.01.20"]
[EventType "team"]
[EventRounds "11"]
[EventCountry "AUT"]
[WhiteTeam "SIR Bernhard Glatz"]
[BlackTeam "SK Hohenems"]

1. c4 e6 2. Nc3 d5 3. d4 Be7 4. cxd5 exd5 5. Bf4 c6 6. e3 Bf5 7. g4 Bg6 8. Nge2
h5 9. Bxb8 Qxb8 10. Nf4 hxg4 11. Nxg6 fxg6 12. Qxg4 Rxh2 13. Qxg6+ Kf8 14. Rg1
Bf6 15. O-O-O Ne7 16. Qg4 c5 17. Qf3 cxd4 18. Rxd4 Qe5 19. Bh3 Rd8 20. Kb1 Nc6
21. Rh4 Rd6 22. Rh5 Rxf2 23. Rh8+ 1-0

[Event "Aut_chT1112"]
[Site "Jenbach"]
[Date "2012.01.21"]
[Round "2"]
[Board "1"]
[White "Antoniewski, Rafal"]
[Black "Polak, Tomas"]
[Result "1/2-1/2"]
[WhiteElo "2559"]
[BlackElo "2535"]
[PlyCount "71"]
[EventDate "2012.01.20"]
[EventType "team"]
[EventRounds "11"]
[EventCountry "AUT"]
[WhiteTeam "ASVOE Wulkaprodersdorf"]
[BlackTeam "SK Zwettl"]

1. e4 e5 2. Nf3 Nc6 3. Bc4 Nf6 4. d3 Be7 5. O-O O-O 6. Re1 d6 7. a4 Be6 8. Nbd2
h6 9. a5 a6 10. c3 Qd7 11. Qb3 Rfe8 12. Nf1 Bf8 13. Ng3 Ne7 14. Bd2 c6 15. Bxe6
Qxe6 16. c4 c5 17. Qa4 Nd7 18. Reb1 f5 19. b4 f4 20. Ne2 Nc6 21. Qd1 Reb8 22.
b5 axb5 23. cxb5 Nd4 24. Nc3 Nxf3+ 25. Qxf3 Nf6 26. Na4 Nd7 27. Nb2 Be7 28. Nc4
Kh7 29. h3 Nf6 30. Nb6 Ra7 31. Ra4 Bd8 32. Nc4 Qd7 33. Qd1 Rba8 34. Be1 g5 35.
f3 Rb8 36. Raa1 1/2-1/2

[Event "Aut_chT1112"]
[Site "Jenbach"]
[Date "2012.01.21"]
[Round "2"]
[Board "2"]
[White "Likavsky, Tomas"]
[Black "Berczes, David"]
[Result "1/2-1/2"]
[WhiteElo "2486"]
[BlackElo "2544"]
[PlyCount "112"]
[EventDate "2012.01.20"]
[EventType "team"]
[EventRounds "11"]
[EventCountry "AUT"]
[WhiteTeam "SK Zwettl"]
[BlackTeam "ASVOE Wulkaprodersdorf"]

1. d4 d5 2. c4 e6 3. Nf3 Nf6 4. g3 dxc4 5. Bg2 Bb4+ 6. Bd2 c5 7. Bxb4 cxb4 8.
Ne5 O-O 9. a3 Nc6 10. Bxc6 bxc6 11. O-O Qd6 12. axb4 Qxb4 13. Qd2 c5 14. Qxb4
cxb4 15. Nxc4 Bd7 16. Ra5 Rac8 17. Nbd2 a6 18. b3 Bb5 19. e3 Rfd8 20. Rfa1 Kf8
21. f3 Ke7 22. Kf2 Nd5 23. g4 f6 24. h4 e5 25. e4 Nf4 26. d5 Nd3+ 27. Kg3 Nc5
28. Rb1 Nb7 29. Ra2 Nd6 30. Rba1 Nb7 31. Rc2 Rc7 32. Rca2 Rcc8 33. Rc2 Rc7 34.
Rac1 Rb8 35. Ne3 Rxc2 36. Nf5+ Kd8 37. Rxc2 g6 38. Ng7 Bd7 39. g5 fxg5 40. hxg5
Rc8 41. Rxc8+ Bxc8 42. f4 exf4+ 43. Kxf4 Ke7 44. Ke5 Nd8 45. Nf3 Nf7+ 46. Kf4
Nd8 47. Ke5 Nf7+ 48. Kd4 Bg4 49. Ne5 Nxe5 50. Kxe5 a5 51. Kd4 Kf7 52. Ne6 Bxe6
53. dxe6+ Kxe6 54. Kd3 Kd6 55. Kd4 Ke6 56. Kd3 Kd6 1/2-1/2

[Event "Aut_chT1112"]
[Site "Jenbach"]
[Date "2012.01.21"]
[Round "2"]
[Board "3"]
[White "Polzin, Rainer"]
[Black "Blatny, Pavel"]
[Result "1-0"]
[WhiteElo "2460"]
[BlackElo "2396"]
[PlyCount "71"]
[EventDate "2012.01.20"]
[EventType "team"]
[EventRounds "11"]
[EventCountry "AUT"]
[WhiteTeam "ASVOE Wulkaprodersdorf"]
[BlackTeam "SK Zwettl"]

1. e4 g6 2. d4 c6 3. Nc3 d5 4. h3 Bg7 5. Nf3 Nf6 6. e5 Nfd7 7. Be3 Nf8 8. Qd2
h6 9. Be2 a5 10. O-O b6 11. Nh2 Ba6 12. f4 f5 13. exf6 exf6 14. f5 g5 15. Bh5+
Kd7 16. Rfe1 Kc7 17. Bf2 Nfd7 18. Re6 Kb7 19. Bg3 b5 20. Rae1 Ka7 21. Re7 Bf8
22. Re8 Qb6 23. R1e6 Qb7 24. Ng4 b4 25. Nd1 Qb5 26. Nxf6 Qa4 27. Rd8 Nxf6 28.
Rxf6 Be7 29. Rxh8 Bxf6 30. Rxh6 Nd7 31. Rh7 c5 32. dxc5 Rh8 33. Rxh8 Bxh8 34.
Be8 Bb7 35. Bf2 Ka8 36. Bd4 1-0

[Event "Aut_chT1112"]
[Site "Jenbach"]
[Date "2012.01.21"]
[Round "2"]
[Board "5"]
[White "Thiede, Lars"]
[Black "Pisk, Petr"]
[Result "1/2-1/2"]
[WhiteElo "2458"]
[BlackElo "2385"]
[PlyCount "190"]
[EventDate "2012.01.20"]
[EventType "team"]
[EventRounds "11"]
[EventCountry "AUT"]
[WhiteTeam "ASVOE Wulkaprodersdorf"]
[BlackTeam "SK Zwettl"]

1. c4 c5 2. g3 Nc6 3. Bg2 g6 4. Nc3 Bg7 5. Nf3 d6 6. O-O e5 7. a3 a5 8. d3 Nge7
9. Ne1 O-O 10. Rb1 Be6 11. Nc2 d5 12. cxd5 Nxd5 13. Ne3 Nce7 14. Bd2 Qd7 15.
Nc4 Qc7 16. Nxd5 Bxd5 17. Bxd5 Nxd5 18. e4 Ne7 19. b4 cxb4 20. axb4 a4 21. b5
Rfd8 22. Be3 Nc8 23. Qc2 Qd7 24. Rfd1 h6 25. Rb4 a3 26. Rb3 Qe7 27. Ra1 f5 28.
Raxa3 Rxa3 29. Rxa3 Qd7 30. Ra8 Kh7 31. Kg2 f4 32. Bd2 Rf8 33. f3 Qxb5 34. Na3
Qd7 35. gxf4 exf4 36. Bc3 Nd6 37. Rxf8 Bxf8 38. Bb4 Nf5 39. exf5 Bxb4 40. fxg6+
Kxg6 41. Nc4 Qg7 42. Qb1 Kh5+ 43. Kh1 Qc3 44. Qf1 Qe1 45. Qxe1 Bxe1 46. Nd6 b6
47. Kg2 Kg6 48. Kf1 Bb4 49. Nb5 Kf6 50. Ke2 Ke5 51. d4+ Kd5 52. Kd3 Be1 53. h3
Bb4 54. Nc7+ Kc6 55. Ne6 Bd6 56. Ke4 b5 57. d5+ Kd7 58. Nd4 b4 59. Kd3 Be5 60.
Nb3 Kd6 61. Kc4 Bc3 62. Nc5 Be1 63. Nd3 Bd2 64. Nf2 Be1 65. Ne4+ Ke5 66. Nc5
Kd6 67. Nb7+ Kc7 68. Na5 Kd6 69. Kd4 Bc3+ 70. Kc4 Be1 71. Nb3 Bc3 72. Nc1 Be1
73. Ne2 Bd2 74. Nd4 Ke5 75. Nb5 b3 76. Kxb3 Kxd5 77. Kc2 Be3 78. Kd3 Ke5 79.
Nc3 Bc1 80. Kc4 Ba3 81. Ne4 Be7 82. Nf2 h5 83. Nd3+ Kf5 84. Kd5 Kg5 85. Ne5 Bf6
86. Nd3 Kh4 87. Nxf4 Bg5 88. Ke4 Bxf4 89. Kxf4 Kxh3 90. Kg5 h4 91. f4 Kg3 92.
f5 h3 93. f6 h2 94. f7 h1=Q 95. f8=Q Qh4+ 1/2-1/2